00361nam a2200157Ia 45000010006000000050017000060080041000230410008000640820016000721000029000882450033001172600009001503000028001596500008001876540008001951089620260306161906.0260306t1975||||xx |||||||||||||| ||spa|| aESP a980.01bB75 aBosch Gimpera, PereeAUT 0aLa América pre-hispánica c1975 a368 páginas :c22 cm. aGEN aCHU